000 01622cam a22003374a 4500
999 _c23178
_d23178
001 13471065
003 OSt
005 20170125164736.0
008 040127s2004 ncua b s001 0 eng
010 _a 2004001718
020 _a0807828785 (cloth : alk. paper)
020 _a0807855464 (pbk. : alk. paper)
040 _aDLC
_cDLC
_dDLC
042 _apcc
043 _an-us---
050 0 0 _aNX735
_b.B56 2004
082 0 0 _a700/.1/03097309045
_222
100 1 _aBinkiewicz, Donna M.
245 1 0 _aFederalizing the muse :
_bUnited States arts policy and the National Endowment for the Arts, 1965-1980 /
_cDonna M. Binkiewicz.
260 _aChapel Hill :
_bUniversity of North Carolina Press,
_cc2004.
300 _axii, 295 p. :
_bill. ;
_c25 cm.
504 _aIncludes bibliographical references (p. [269]-288) and index.
610 2 0 _aNational Endowment for the Arts
_xHistory.
650 0 _aFederal aid to the arts
_zUnited States
_xHistory
_y20th century.
650 0 _aArt and state
_zUnited States.
856 4 1 _3Table of contents only
_uhttp://www.loc.gov/catdir/toc/ecip0413/2004001718.html
856 4 2 _3Publisher description
_uhttp://www.loc.gov/catdir/enhancements/fy0632/2004001718-d.html
856 4 2 _3Book review (H-Net)
_uhttp://www.h-net.org/reviews/showrev.php?id=12071
906 _a7
_bcbc
_corignew
_d1
_eecip
_f20
_gy-gencatlg
942 _2lcc
_cBOOKS
_hNX 735 .B56 2004